| 000 | 00649cam a2200253ua 4500 | ||
|---|---|---|---|
| 020 |
_a81-85860-06-8 _c395.00 |
||
| 041 |
_aeng _h |
||
| 082 |
_a633.0853 _bSIN/CR |
||
| 100 | _aSingh, H G . | ||
| 245 | 0 | 0 |
_aCrop breeding in India / _cH G Singh. _hTextual Documents |
| 250 |
_a1 / _b. |
||
| 260 |
_aLucknow : _bInternational book distributing company , _c1994. |
||
| 300 | _a526 ; . | ||
| 365 | _a395.00 | ||
| 504 | _a | ||
| 700 | 1 | _aHarihar , Ram . | |
| 700 | 1 | _aMishra, S N J . | |
| 700 | 1 | _aSingh, D P . | |
| 700 | 1 | _aSingh, T B . | |
| 942 | _cBK | ||
| 999 |
_c7357 _d7357 |
||